Normal view
MARC view
- Kamal, Shahid
Entry Personal Name
001 - CONTROL NUMBER
- control field: 130381
003 - CONTROL NUMBER IDENTIFIER
- control field: NUST
005 - DATE AND TIME OF LATEST TRANSACTION
- control field: 20250821121458.0
008 - FIXED-LENGTH DATA ELEMENTS
- fixed length control field: 250821|| aca||aabn | a|a d
040 ## - CATALOGING SOURCE
- Original cataloging agency: NUST
- Transcribing agency: NUST
100 ## - HEADING--PERSONAL NAME
- Personal name: Kamal, Shahid
670 ## - SOURCE DATA FOUND
- Source citation: Work cat.: (NUST): Chaudhry, Sher Muhammad, author. 37676, Introduction to statistical theory :, 2022
